00333nam a22001217a 45000050016000000200023000160350012000390370013000511000015000642450062000792600044001413000026001852012020705385.0 a8120319311c795.00 aB-62792 aDPLbENG aBoyce, Jim aMicrosoft outlook version 2002 inside out /cby Jim Boyce aNew DelhibPrentice-Hall of Indiac2001 axlix, 1203p.c20 cms.